<?xml version="1.0" encoding="UTF-8"?>
<record
    xmlns:xsi="http://www.w3.org/2001/XMLSchema-instance"
    xsi:schemaLocation="http://www.loc.gov/MARC21/slim http://www.loc.gov/standards/marcxml/schema/MARC21slim.xsd"
    xmlns="http://www.loc.gov/MARC21/slim">

  <leader>01390nam a22002057a 4500</leader>
  <controlfield tag="005">20220517094128.0</controlfield>
  <controlfield tag="008">220517b           ||||| |||| 00| 0 eng d</controlfield>
  <datafield tag="020" ind1=" " ind2=" ">
    <subfield code="a">0586088997</subfield>
  </datafield>
  <datafield tag="040" ind1=" " ind2=" ">
    <subfield code="c">AL</subfield>
  </datafield>
  <datafield tag="041" ind1=" " ind2=" ">
    <subfield code="a">English</subfield>
  </datafield>
  <datafield tag="082" ind1=" " ind2=" ">
    <subfield code="2">23</subfield>
    <subfield code="a">823.914</subfield>
    <subfield code="b">LESS</subfield>
  </datafield>
  <datafield tag="100" ind1=" " ind2=" ">
    <subfield code="a">Doris Lessing</subfield>
    <subfield code="9">37520</subfield>
  </datafield>
  <datafield tag="245" ind1=" " ind2=" ">
    <subfield code="a">Summer Before the Dark</subfield>
  </datafield>
  <datafield tag="260" ind1=" " ind2=" ">
    <subfield code="a">London</subfield>
    <subfield code="b">Paladin Grafton Books</subfield>
    <subfield code="c">1990</subfield>
  </datafield>
  <datafield tag="300" ind1=" " ind2=" ">
    <subfield code="a">236 p.</subfield>
    <subfield code="b">PB</subfield>
    <subfield code="c">19.5x13 cm.</subfield>
  </datafield>
  <datafield tag="520" ind1=" " ind2=" ">
    <subfield code="a">The story of a middle-aged woman&#x2019;s search for freedom, from Doris Lessing, winner of the Nobel Prize for Literature.
Her four children have flown, her husband is otherwise occupied, and after twenty years of being a good wife and mother, Kate Brown is free for a summer of adventure. She plunges into an affair with a younger man, travelling abroad with him, and, on her return to England, meets an extraordinary young woman whose charm and freedom of spirit encourages Kate in her own liberation. Kate&#x2019;s new life has brought her a strange unhappiness, but as the summer months unfold, a darker, disquieting journey begins, devastating in its consequences.
A novel of self-discovery that bears the hallmarks of Lessing&#x2019;s brilliance, honesty and power to move the reader, &#x2018;The Summer Before the Dark&#x2019; has been hailed by some as Lessing&#x2019;s best book.</subfield>
  </datafield>
  <datafield tag="650" ind1=" " ind2=" ">
    <subfield code="a">Women--Fiction</subfield>
    <subfield code="9">37521</subfield>
  </datafield>
  <datafield tag="700" ind1=" " ind2=" ">
    <subfield code="a">LESSING (DORIS)</subfield>
    <subfield code="9">37522</subfield>
  </datafield>
  <datafield tag="942" ind1=" " ind2=" ">
    <subfield code="2">ddc</subfield>
    <subfield code="c">GF</subfield>
  </datafield>
  <datafield tag="999" ind1=" " ind2=" ">
    <subfield code="c">222960</subfield>
    <subfield code="d">222960</subfield>
  </datafield>
  <datafield tag="952" ind1=" " ind2=" ">
    <subfield code="0">0</subfield>
    <subfield code="1">0</subfield>
    <subfield code="2">ddc</subfield>
    <subfield code="4">0</subfield>
    <subfield code="7">0</subfield>
    <subfield code="8">ENG</subfield>
    <subfield code="a">AL</subfield>
    <subfield code="b">AL</subfield>
    <subfield code="d">2013-03-24</subfield>
    <subfield code="l">0</subfield>
    <subfield code="o">823.914 LESS</subfield>
    <subfield code="p">GF02349</subfield>
    <subfield code="r">2022-05-17 00:00:00</subfield>
    <subfield code="w">2022-05-17</subfield>
    <subfield code="y">GF</subfield>
  </datafield>
</record>
